El Ayllu: Estudios sociológicos. Prólogo de Don Rafael Altamira. Segunda edición, corregida y revisada

Gardado en:
Detalles Bibliográficos
Autor Principal: Saavedra, Bautista (Author)
Formato: Libro
Idioma:Lingua castelá
Publicado: Santiago Nascimento 1938
Edición:2a. ed
Subjects:
Tags: Engadir etiqueta
Sen Etiquetas, Sexa o primeiro en etiquetar este rexistro!

MARC

LEADER 00000nam a2200000 a 4500
001 UCJ5918
003 CL-VaPUC
008 070124e19380000CL |||||||||||||||||spa|d
082 0 4 |a 572  |b SAA  |2 21 
100 0 |a Saavedra, Bautista  |e author  |9 511872 
245 1 3 |a El Ayllu: Estudios sociológicos. Prólogo de Don Rafael Altamira. Segunda edición, corregida y revisada 
250 |a 2a. ed 
300 |a 207 p 
942 |c BK 
945 |d 20070124 00:00:00  |a rinostro 
260 |a Santiago  |b Nascimento  |c 1938 
600 0 |a Altamira y Crevea, Rafael   |e autor  |9 511873 
650 0 |a Etnografía   |9 309735 
650 0 |a Sociología   |9 255410 
650 0 |a Aborígenes  |9 329972 
650 0 |a Cultura  |9 269059 
650 7 |a INCAS  |2 CL-VaPUC  |9 256565 
650 7 |a QUECHUAS  |2 CL-VaPUC  |9 447221 
650 7 |a AYMARAS  |2 CL-VaPUC  |9 459435 
650 0 |a Culturas precolombinas  |9 408769 
650 7 |a GLOSARIO AYMARA  |2 CL-VaPUC  |9 511874 
650 7 |a GLOSARIO QUECHUA  |2 CL-VaPUC  |9 511875 
651 0 |a Ecuador  |9 258378 
651 0 |a Perú  |9 256567 
651 7 |a CHILE  |2 CL-VaPUC  |9 511876 
651 0 |a Argentina  |9 254888 
583 |a last modification  |c 20070124 00:00:00  |k Rodrigo Vera 
999 |c 322026  |d 322024 
952 |0 0  |1 0  |4 0  |6 572_000000000000000_SAA_1938  |7 0  |8 X  |9 400931  |a FDOBUD  |b FDOBUD  |d 2019-11-22  |i 1041150  |o 572 SAA 1938  |p 1041150  |r 2019-11-22  |w 2019-11-22  |y BK_X  |k BUD